Evidence-based Positron Emission Tomography (Record no. 27303)
[ view plain ]
| 000 -LEADER | |
|---|---|
| fixed length control field | 00696nam a2200121Ia 4500 |
| 008 - FIXED-LENGTH DATA ELEMENTS--GENERAL INFORMATION | |
| fixed length control field | 220620s9999||||xx |||||||||||||| ||und|| |
| 245 #0 - TITLE STATEMENT | |
| Title | Evidence-based Positron Emission Tomography |
| Remainder of title | Summary of Recent Meta-analyses on PET |
| 546 ## - LANGUAGE NOTE | |
| Language note | English[eng] |
| 650 ## - SUBJECT ADDED ENTRY--TOPICAL TERM | |
| Topical term or geographic name entry element | Nuclear Medicine||Diagnostic Radiology||Oncology||Cardiology||Neurology||Endocrinology||Radiology||Internal Medicine||Open Access||Meta-analysis||Diagnosis||Tumor||Infection||Nuclear medicine||Cardiovascular medicine||Neurology & clinical neurophysiology |
| 700 ## - ADDED ENTRY--PERSONAL NAME | |
| Personal name | Treglia, Giorgio||Giovanella, Luca |
| 856 ## - ELECTRONIC LOCATION AND ACCESS | |
| Uniform Resource Identifier | <a href="https://library.oapen.org/bitstream/20.500.12657/39988/1/2020_Book_Evidence-basedPositronEmission.pdf">https://library.oapen.org/bitstream/20.500.12657/39988/1/2020_Book_Evidence-basedPositronEmission.pdf</a> |
| 942 ## - ADDED ENTRY ELEMENTS (KOHA) | |
| Koha item type | E-Books |
| Withdrawn status | Lost status | Damaged status | Not for loan | Home library | Current library | Date acquired | Total Checkouts | Date last seen | Price effective from | Koha item type |
|---|---|---|---|---|---|---|---|---|---|---|
| Kerala University of Digital Sciences, Innovation and Technology Knowledge Centre | Kerala University of Digital Sciences, Innovation and Technology Knowledge Centre | 20/06/2022 | 20/06/2022 | 20/06/2022 | E-Books |